Cartas familiares y escogidas del padre José Francisco de Isla, escritas a su hermana Doña María Francisca de Isla y Losada y a su cuñado Don Nicolás de Ayala desde 1755 a 1781. (Record no. 156110)

MARC details
000 -LEADER
campo de control de longitud fija 00904nam a2200229 i 4500
001 - NÚMERO DE CONTROL
campo de control 156110
003 - IDENTIFICADOR DE NÚMERO DE CONTROL
campo de control ES-MaACL
005 - FECHA Y HORA DE LA ÚLTIMA TRANSACCIÓN
campo de control 20230906210326.0
008 - DATOS DE LONGITUD FIJA--INFORMACIÓN GENERAL
campo de control de longitud fija 931025s1884 sp |||| | spa d
040 ## - FUENTE DE CATALOGACIÓN
Centro catalogador/agencia de origen AS
Lengua de catalogación spa
Centro/agencia transcriptor PAB
100 1# - ENTRADA PRINCIPAL--NOMBRE DE PERSONA
Nombre de persona Isla, José Francisco de
Títulos y otros términos asociados al nombre (S.I.) (
Fechas asociadas al nombre 1703-1781)
9 (RLIN) 188048
245 10 - MENCIÓN DEL TÍTULO
Título Cartas familiares y escogidas del padre José Francisco de Isla, escritas a su hermana Doña María Francisca de Isla y Losada y a su cuñado Don Nicolás de Ayala desde 1755 a 1781.
260 ## - PUBLICACIÓN, DISTRIBUCIÓN, ETC.
Lugar de publicación, distribución, etc. Barcelona :
Nombre del editor, distribuidor, etc. Daniel Cortezo y C\pa\s,
Fecha de publicación, distribución, etc. 1884.
300 ## - DESCRIPCIÓN FÍSICA
Extensión 297 p. ;
Dimensiones 21 cm.
490 1# - MENCIÓN DE SERIE
Mención de serie Biblioteca clásica española
600 14 - PUNTO DE ACCESO ADICIONAL DE MATERIA--NOMBRE DE PERSONA
Nombre de persona Isla, José Francisco de-
Subdivisión general Correspondencia.
9 (RLIN) 188049
700 11 - ENTRADA AGREGADA--NOMBRE PERSONAL
Nombre de persona Cortezo, Daniel,
Término indicativo de función/relación
9 (RLIN) 126599
752 ## - ENTRADA AGREGADA--NOMBRE JERÁRQUICO DEL LUGAR
País o entidad superior España -
Ciudad Barcelona
830 0# - PUNTO DE ACCESO ADICIONAL DE SERIE-TÍTULO UNIFORME
Título uniforme Biblioteca clásica española
9 (RLIN) 182443
852 ## - LOCALIZACIÓN
Ubicación ES-MaACL
Número de control de estantería B-749
Nota libre -- Enc. tela
Holdings
Estatus retirado Estado de pérdida Estado de daño No para préstamo Colección Biblioteca de origen Biblioteca actual Ubicación en estantería Fecha de adquisición Fuente de adquisición Total de préstamos Signatura topográfica completa Código de barras Visto por última vez Precio de reemplazo Tipo de ítem Koha
        Libros del s. XIX Biblioteca del Ateneo de Madrid Biblioteca del Ateneo de Madrid Sala Pardo Bazán 17/01/2008     B-749 1163319 23/02/2023 23/02/2023 Libro impreso antiguo